| 000 | 01607nam a2200313 i 4500 | ||
|---|---|---|---|
| 003 | EG-GICUC | ||
| 005 | 20260426114348.0 | ||
| 008 | 260426s1986 ua |fr|||| 00| 0 ara d | ||
| 040 |
_a EG-GICUC _bara _c EG-GICUC _d EG-GICUC _erda |
||
| 041 | 1 | _aara | |
| 082 | 0 | 4 |
_221 _a341.511 _bاح . ت |
| 092 | 0 | 4 | _221 |
| 099 | _aLaw1 11 341.511 اح . ت 1986 | ||
| 100 | 0 |
_aأحمد أبو الوفا محمد _eمؤلف. |
|
| 245 | 0 | 0 |
_aتعليقات على أحكام محكمة العدل الدولية في عام 1986 : _bالتعليق على قضيتي : الأنشطة الحربية وشبه الحربية في نيكاراجوا وضدها ( الولايات المتحدة الأمريكية - نيكار الجوع ) نزاع الحدود ( مالى - يوركينا فاسو ) / _cدكتور أحمد أبو الوفا محمد. |
| 264 | 1 |
_aالقاهرة : _bوالجمعية المصرية للقانون الدولي، _c1986. |
|
| 300 |
_a67 صفحة ، _c24 سم. |
||
| 336 |
_2rda content _atext |
||
| 337 |
_2rda media _aComputer |
||
| 338 |
_2rda carrier _aOnline Resource |
||
| 500 | _a مستلة مستخرجة من المجلة المصرية للقانون الدولى المجلد 42 1986 | ||
| 504 | _aيشتمل على إرجاعات ببليوجرافية. | ||
| 546 | _aالنص باللغة العربية | ||
| 590 | _aإهداء مكتبة الأستاذ الدكتور صلاح عامر | ||
| 650 | 1 | 4 | _aالقانون الدولي العام |
| 856 | 4 | 0 | _uhttps://fll.law.cu.edu.eg/fulltext/bks/B11-09855.pdf |
| 905 | _a48 | ||
| 942 |
_2ddc _cBK _e21 _n0 |
||
| 999 |
_c73460 _d73460 |
||